000 00676nam a2200205Ia 4500
003 GCL
008 140319s9999 xx 000 0 ara d
040 _aGCL /
_cGCL
082 0 4 _a822
_bى ا
100 1 _aيوريبيديس
245 1 0 _aافيجينيا فى اوليس - افيجينيا فى تاوريس /
_cيوريبيديس
700 1 _aاسماعيل البنهاوى
700 1 _aاحمد عتمان
300 _a216 ص
490 _aمن المسرح العالمى
_v0
650 0 4 _aالمسرحيات اليونانية
650 0 4 _aالادب اليونانى المترجم
650 0 4 _aالادب العالمى المترجم
942 _2ddc
_cBK
999 _c41192
_d41192